000 00838cam a2200217Ia 4500
040 _cCOO
082 _a338 MIN 2006 A117 Or.
245 0 0 _aASEAN-MAFF Japan project on multifunctionality of agriculture
_bfinal report : country case studies on multifunctionality of agriculture in ASEAN countries
246 3 0 _aCountry case studies on multifunctionality of agriculture in ASEAN countries
260 _aJakarta :
_bASEAN Secretariat ;
_aTokyo :
_bMinistry of Agriculture, Forestry and Fisheries of Japan,
_c2006
300 _a1 CD-ROM (viii, 431 p.) :
_bcol. ill., col. maps ;
_c4 3/4 in
500 _aTitle from title screen
650 0 _aAgriculture
650 0 _aAgriculture
650 0 _aAgriculture
650 0 _aRural development
650 0 _aAgriculture and state
710 2 _aASEAN.
710 1 _aJapan.
942 _cAEDBB
999 _c17576
_d17576